000 00424cam a2200169ua 4500
001 5847
008 131024n ii |||gr||||Z||||||eng
040 _cMAIN
082 _a954
245 _aHistory of Medieval India
_cBy Shameen & Kishan
260 _aJalandhar:
_bMalhotra Book Depot,
_c1987.
300 _ax,356p.
653 _aHistory
653 _aHistory of Medieval India
700 _aShameen,
_eAuthor.
942 _cBK
999 _c5001
_d5001